| 000 | 01176nam a2200313 a 4500 | ||
|---|---|---|---|
| 001 | 0000256 | ||
| 003 | DO-SdBNP | ||
| 005 | 20220609113018.0 | ||
| 007 | 0000256 | ||
| 008 | 100201s2007 dr 000 spa d | ||
| 020 | _a9945140000 | ||
| 040 |
_aBPMSU _bspa _cBPMSU |
||
| 082 |
_aRD864.42 _bP372h 2007 _222 |
||
| 100 | 1 |
_aHenríquez Ureña, Pedro, _d1884 -1946. |
|
| 245 | 0 | 0 |
_aPedro Henríquez Ureña : _bantología hemerográfica de un humanista inolvidable / _ccompilación y notas Cándido Gerón |
| 260 | 0 |
_aSanto Domingo, _bCentenario, _c2007. |
|
| 300 |
_a483 p ; _c26 cm. |
||
| 500 | _aIncluye referencias bibliográficas y notas al pie de las páginas | ||
| 500 | _aIncluye índice. | ||
| 590 | _6Inventariado, 2022/VM | ||
| 600 | 1 | 4 |
_aHenríquez Ureña, Pedro _e1884-1946 _xCrítica e interpretación |
| 600 | 1 | 4 |
_aHenríquez Ureña, Pedro _e1884-1946 _xEnsayos, conferencias, etc. |
| 600 | 1 | 4 |
_aHenríquez Ureña, Pedro _e1884-1946 _xCorrespondencia, memorias, etc. |
| 650 | 4 | _aEnsayos dominicanos | |
| 650 | 4 | _aLiteratura dominicana | |
| 700 | 1 |
_aGerón, Cándido _ecompilador |
|
| 910 | _aVMateo V./Validado. Control de calidad MFF | ||
| 942 |
_2ddc _cBK |
||
| 999 |
_c7651 _d7651 |
||